000 01181nam0a22002651 4500
001 rc\2950304
005 20260407070831.0
035 _a(NLR Aleph) 007098002
090 _a6641352
_c6641352
100 _a20110830d1934 |||y0rusy50 ca
101 0 _arus
102 _aRU
105 _ac z |||||
200 1 _aСтихотворения
_fИлья Садофьев
210 _a[Ленинград]
_cИзд-во писателей в Ленинграде
_d1934
_gТип. им. Володарского
215 _a258 с., 2 с. объявл., 1 вкл. л. портр.
_cпортр.
_d20х14 см
300 _aСуп.-обл. и переплет: М. Кирнарский
700 1 _7ca
_8rus
_aСадофьев
_bИ. И.
_cучастник революц. движения, поэт, переводчик
_f1889-1965
_gИлья Иванович
_9176938
_3RU\NLR\AUTH\770176989
702 1 _4570
_7ca
_8rus
_aКирнарский
_bМ. А.
_cхудожник-график
_f1893-1942
_gМарк Абрамович
_3RU\NLR\AUTH\770180781
_9180730
801 0 _aRU
_bNLR
_gpsbo
801 1 _aRU
_bELAR
_2rusmarc
852 _aNLR
_j34-2/874
942 _cBOOK
980 _aNB